BIBLIOTECA PODER JUDICIAL
Portal Judicial TDF

Derecho administrativo / (Registro nro. 2121)

000 -LEADER
fixed length control field 00946nam a22002777a 4500
003 - CONTROL NUMBER IDENTIFIER
control field OSt
005 - DATE AND TIME OF LATEST TRANSACTION
control field 20181129084805.0
008 - FIXED-LENGTH DATA ELEMENTS--GENERAL INFORMATION
fixed length control field 180227b xxu||||| |||| 00| 0 spa d
020 ## - INTERNATIONAL STANDARD BOOK NUMBER
International Standard Book Number 9502009266 (v.1)
020 ## - INTERNATIONAL STANDARD BOOK NUMBER
International Standard Book Number 9502009754 (v.2)
040 ## - CATALOGING SOURCE
Transcribing agency PJ
100 ## - ASIENTO PRINCIPAL - NOMBRE DE PERSONA
9 (RLIN) 18
Personal name Cassagne, Juan Carlos
245 10 - MENCIÓN DE TÍTULO
Título propiamente dicho Derecho administrativo /
Mención de responsabilidad, etc Juan Carlos Cassagne.
250 ## - EDITION STATEMENT
Edition statement 5a. ed. act.
260 ## - PUBLICATION, DISTRIBUTION, ETC. (IMPRINT)
Place of publication, distribution, etc Buenos Aires :
Name of publisher, distributor, etc Abeledo-Perrot,
Date of publication, distribution, etc 1996.
300 ## - DESCRIPCION FISICA
Extent 2 v.
Dimensions 23 cm.
500 ## - NOTA GENERAL
General note 5º Edición actualizada con las modificaciones introducidads por la reforma constitucional de 1994.
500 ## - NOTA GENERAL
General note Notas y citas a pie de página.
650 #0 - ASIENTO SECUNDARIO DE MATERIA - TERMINO TEMATICO
Topical term or geographic name as entry element DERECHO ADMINISTRATIVO
9 (RLIN) 211
650 #0 - ASIENTO SECUNDARIO DE MATERIA - TERMINO TEMATICO
Topical term or geographic name as entry element ADMINISTRACION PUBLICA
9 (RLIN) 877
650 #0 - ASIENTO SECUNDARIO DE MATERIA - TERMINO TEMATICO
Topical term or geographic name as entry element PROCEDIMIENTO ADMINISTRATIVO
9 (RLIN) 1135
650 #0 - ASIENTO SECUNDARIO DE MATERIA - TERMINO TEMATICO
Topical term or geographic name as entry element ACTO ADMINISTRATIVO
9 (RLIN) 1171
650 #0 - ASIENTO SECUNDARIO DE MATERIA - TERMINO TEMATICO
Topical term or geographic name as entry element CONTRATOS ADMINISTRATIVOS
9 (RLIN) 1170
650 #0 - ASIENTO SECUNDARIO DE MATERIA - TERMINO TEMATICO
Topical term or geographic name as entry element RECURSOS ADMINISTRATIVOS
9 (RLIN) 1136
942 ## - ADDED ENTRY ELEMENTS (KOHA)
Source of classification or shelving scheme
Koha item type Libros
Classification part 342.9
Item part CAS
Existencias
Withdrawn status Lost status Source of classification or shelving scheme Damaged status Not for loan Permanent Location Current Location Date acquired Serial Enumeration / chronology Full call number Barcode Date last seen Price effective from Koha item type
          Biblioteca Poder Judicial Sur Biblioteca Poder Judicial Sur 2018-11-29 V. 1 342.9 CAS 3440 2018-11-29 2018-11-29 Libros

12 de Octubre 789 Ushuaia - Tel:  54(02901)441571
Horario de Atención: 8.00 a 17.00 hs. 
bibliotecaush@justierradelfuego.gov.ar
koha@justierradelfuego.gov.ar
Seguinos en nuestras redes @bibliojustdf 

Con tecnología Koha